书目信息 |
| 题名: |
鲁迅作序跋的著作选集
|
|
| 作者: | 张南庄 著 | |
| 分册: | 萧伯纳在上海 | |
| 出版信息: | 上海 上海书店 |
|
| 页数: | ||
| 开本: | 19cm | |
| 丛书名: | ||
| 单 册: | ||
| 中图分类: | I210.4 | |
| 科图分类: | ||
| 主题词: | ||
| 电子资源: | ||
| ISBN: | ||
| 000 | 00665nam0 2200205 45 | |
| 001 | 0181013645 | |
| 005 | 20061107094753.79 | |
| 010 | @dCNY1.05(上下二函)共27.00 | |
| 100 | @a20810111d km y0chiy0120 ea | |
| 101 | 0 | @achi |
| 105 | @a z 000yy | |
| 200 | 1 | @Aluxunzuoxubadezhuzuoxuanji@a鲁迅作序跋的著作选集@i萧伯纳在上海@f张南庄等著 |
| 210 | @a上海@c上海书店 | |
| 215 | @c无图表@d19cm | |
| 300 | @a本函包括《尘影》《小小十年》《何典》《游仙窟》《二月》《痴华蔓》《萧伯纳在上海》《信》八册 | |
| 517 | 1 | @a萧伯纳在上海@Axiao bo na zai shang hai |
| 690 | @aI210.4 | |
| 701 | 0 | @a张南庄@4著 |
| 801 | @aCN@bTSTC@c20061107 | |
| 905 | @dI210.4@e118:1(1)@f5@b146314 | |
| 鲁迅作序跋的著作选集.萧伯纳在上海/张南庄等著.-上海:上海书店 |
| 无图表;19cm |
| 本函包括《尘影》《小小十年》《何典》《游仙窟》《二月》《痴华蔓》《萧伯纳在上海》《信》八册 |
| ISBN :CNY1.05(上下二函)共27.00 |
| ● |
| 相关链接 |
|
|
|
|
正题名:鲁迅作序跋的著作选集
索取号:I210.4/118:1(1)
 
预约/预借
| 序号 | 登录号 | 条形码 | 馆藏地/架位号 | 状态 | 备注 |
| 1 | 0146315 | 202085206 | 第一样本阅览室/ [索取号:I210.4/118:1(1)] | 在馆 |